000 01284cam a2200361 i 4500
001 000040909
003 DO-SdBNP
005 20230419101904.0
008 700702s2005 sp 000 d spa d
020 _a8437607795
040 _aDO-SdBNP
_bspa
_cBNPHU
_erda
082 4 _a822.33
_bS527ro, 2005
_222
100 1 _aShakespeare, William,
_d1564-1616
_96748
240 1 0 _aTítulo original: Romeo and Juliet Barcelona
245 1 0 _aRomeo y Julieta /
_cedición bilingüe del Instituto Shakespeare dirigida por Manuel Ángel Conejero Dionís- Bayer traducción de José María Valverde.
250 _a12a. ed.
260 _c2005.
264 _aMadrid :
_bLetras Universales,
_c2005.
300 _a419 páginas ;
_c19 cm.
336 _2rdacontent
_atexto
_btxt
337 _2rdamedia
_asin mediación
_bn
338 _2rdacarrier
_avolumen
_bnc
490 0 _aLetras Universales
_v108
500 _aIncluye notas al pie de las páginas.
534 _aTítulo original: Romeo and Juliet
590 _aInventariado 2023/MAA
650 4 _aTeatro inglés
_96749
650 4 _aLiteratura inglesa
_9498
700 1 _aValverde, José María,
_etraductor
_942706
830 0 _aLentras Universales ;
_v108
_967340
910 _aValidado. Control de calidad. MAA
942 _2ddc
_cLBS1
999 _c40399
_d40399